000 00583nam a2200205Ia 4500
003 IN-BaIIA
008 211028s9999 xx 000 0 eng d
020 _a81-7635-025-7
040 _cIIA Library
080 _a681.31
_bHUS
100 _aHusain, Kamran
_929220
245 0 _aLinux
_bunleashed
_cKamran Husain and Timothy Parker
250 _a2nd ed.
260 _aNew Delhi
_bTechmedia
_c1996
300 _axlii, 1176p.
650 _aLinux
650 _aOperating system
_914912
700 _aParker, Timothy
_929221
942 _cBK
999 _c15863
_d15863